All the lives we never lived / (Record no. 193408)

MARC details
000 -LEADER
fixed length control field 00538nam a22001817a 4500
005 - DATE AND TIME OF LATEST TRANSACTION
control field 20221028111328.0
010 ## - LCCN (DPL NO)
LC control number ENG-135570
020 ## - INTERNATIONAL STANDARD BOOK NUMBER
International Standard Book Number 9789351952381
Terms of availability 599.00
035 ## - SYSTEM CONTROL NUMBER
System control number EN-119102
037 ## - SOURCE OF ACQUISITION
Source of stock number/acquisition DBAD/PUB
082 ## - DEWEY DECIMAL CLASSIFICATION NUMBER
Classification number N
100 ## - MAIN ENTRY--PERSONAL NAME
Personal name Roy, Anuradha
245 ## - TITLE STATEMENT
Title All the lives we never lived /
Statement of responsibility, etc by Anil Malhotra
260 ## - PUBLICATION, DISTRIBUTION, ETC. (IMPRINT)
Place of publication, distribution, etc Gurugram
Name of publisher, distributor, etc Hachette Book Publishing India Pvt. Ltd.
Date of publication, distribution, etc 2018
270 ## - ADDRESS
Address 4th/5th Floors. Corporate Center, Sector 44
City Gurugram
Postal code 122003
300 ## - PHYSICAL DESCRIPTION
Extent 336p.
Dimensions 22cm(hbk)
942 ## - ADDED ENTRY ELEMENTS (KOHA)
Source of classification or shelving scheme Dewey Decimal Classification
Item type English Books
Call number suffix ROY
Classification part N
Holdings
Withdrawn status Lost status Not for loan Collection code Home library Current library Date acquired Source of acquisition Cost, normal purchase price Full call number Barcode Copy number Cost, replacement price Koha item type
      Fiction R.C.Libraries (zls) R.C.Libraries (zls) 28/10/2022 DBAD/PUB 599.00 N ROY EN-119102 1 599.00 English Books

© Delhi Public Library
Hit Counter
free hit counter